Dictionary of quotations: Latin (Record no. 12701)

MARC details
000 -LEADER
fixed length control field 00374nam a2200133Ia 4500
082 ## - DEWEY DECIMAL CLASSIFICATION NUMBER
Classification number RR 089.79 HAR-;
100 ## - MAIN ENTRY--AUTHOR NAME
Personal name Harbottle, Thomas Benefield
245 #0 - TITLE STATEMENT
Title Dictionary of quotations: Latin
260 ## - PUBLICATION, DISTRIBUTION, ETC. (IMPRINT)
Place of publication London
Name of publisher Swan Sonnenschein
Year of publication 1999
300 ## - PHYSICAL DESCRIPTION
Number of Pages 389p.
504 ## - BIBLIOGRAPHY, ETC. NOTE
Bibliography, etc Includes authors and subjects index
650 ## - SUBJECT ADDED ENTRY--TOPICAL TERM
Topical Term Quotations, Latin - Dictionaries
942 ## - ADDED ENTRY ELEMENTS (KOHA)
Koha item type Books
Source of classification or shelving scheme Dewey Decimal Classification
Holdings
Withdrawn status Lost status Damaged status Not for loan Home library Current library Date acquired Bill Date Full call number Accession Number Price effective from Koha item type
        NASSDOC Library NASSDOC Library 08/06/2004 2004-10-22 RR 089.79 HAR-; 17865 18/04/2019 Books